Miasta w Polsce na literę P w mazowszu - Statystyki

Ogólne statystyki
  • Ten quiz został rozwiązany 71 razy
    43 od ostatniego zresetowania
  • Średni wynik to 7 z 12
Statystyki odpowiedzi
Populacja miasta Miasto % Poprawnych
112 483 Płock
91%
65 321 Pruszków
88%
52 017 Piaseczno
82%
21 591 Płońsk
82%
16 384 Przasnysz
65%
19 224 Pułtusk
62%
23 065 Piastów
47%
16 279 Pionki
44%
5 393 Przysucha
44%
4 421 Pilawa
32%
3 832 Podkowa Leśna
29%
907 Przytyk
15%
Nie znaleziono quizów pasujących do podanych kryteriów
Rozkład punktacji
Procent ludzi z każdym wynikiem
Percentyl według liczby udzielonych odpowiedzi
Twoja historia wyników
Nie rozwiązałeś tego quizu od ostatniego zresetowania